Naolinco / (Record no. 17178)

MARC details
000 -LEADER
campo de control de longitud fija 00531nam a2200205 i 4500
001 - NÚMERO DE CONTROL
campo de control 17178
003 - IDENTIFICADOR DE NÚMERO DE CONTROL
campo de control ES-MaACL
005 - FECHA Y HORA DE LA ÚLTIMA TRANSACCIÓN
campo de control 20230906151522.0
007 - CAMPO FIJO DE DESCRIPCIÓN FÍSICA--INFORMACIÓN GENERAL
campo de control de longitud fija t|
008 - DATOS DE LONGITUD FIJA--INFORMACIÓN GENERAL
campo de control de longitud fija 010112s1996 mx ||||1| spa d
080 ## - NÚMERO DE LA CLASIFICACIÓN DECIMAL UNIVERSAL
Número de la Clasificación Decimal Universal 821.134.2(72)-32"19"
100 1# - ENTRADA PRINCIPAL--NOMBRE DE PERSONA
Nombre de persona Cuevas, Roberto.
9 (RLIN) 42105
245 10 - MENCIÓN DEL TÍTULO
Título Naolinco /
Mención de responsabilidad, etc. Roberto Cuevas.
260 ## - PUBLICACIÓN, DISTRIBUCIÓN, ETC.
Lugar de publicación, distribución, etc. Querétaro :
Nombre del editor, distribuidor, etc. Papuras,
Fecha de publicación, distribución, etc. 1996.
300 ## - DESCRIPCIÓN FÍSICA
Extensión 23 cm ;
Dimensiones 22 cm.
490 1# - MENCIÓN DE SERIE
Mención de serie Ahí les va
830 0# - PUNTO DE ACCESO ADICIONAL DE SERIE-TÍTULO UNIFORME
Título uniforme Ahí les va
9 (RLIN) 180251
852 ## - LOCALIZACIÓN
Ubicación ES-MaACL
Número de control de estantería 2161-F-16
Sublocalización o colección R.126321
Holdings
Estatus retirado Estado de pérdida Estado de daño No para préstamo Colección Biblioteca de origen Biblioteca actual Ubicación en estantería Fecha de adquisición Fuente de adquisición Total de préstamos Signatura topográfica completa Código de barras Visto por última vez Precio de reemplazo Tipo de ítem Koha
        Colección de folletos Biblioteca del Ateneo de Madrid Biblioteca del Ateneo de Madrid Depósito folletos 17/01/2008     2161-F-16 1017524 23/02/2023 23/02/2023 Folleto